Fünfzig Lieder für dreistimmigen Frauenchor

Saved in:  
Bibliographic Details
Format: Print Book Musical Score
Language:German
Subito Delivery Service: Order now.
Check availability: HBZ Gateway
Interlibrary Loan:Interlibrary Loan for the Fachinformationsdienste (Specialized Information Services in Germany)
Published: Waiblingen Stürner 1921
In:Year: 1921
Edition:3. Aufl.

MARC

LEADER 00000ccm a2200000 c 4500
001 1485869137
003 DE-627
005 20220602102825.0
007 qu
008 141022s1921 xx ||||| ||||||n | ger c
035 |a (DE-627)1485869137 
035 |a (DE-576)415869137 
035 |a (DE-599)BSZ415869137 
040 |a DE-627  |b ger  |c DE-627  |e rakwb 
041 |a ger 
084 |a 1  |2 ssgn 
245 0 0 |a Fünfzig Lieder für dreistimmigen Frauenchor 
250 |a 3. Aufl. 
264 1 |a Waiblingen  |b Stürner  |c 1921 
300 |a 71 S.  |b Noten 
336 |a Noten  |b ntm  |2 rdacontent 
337 |a ohne Hilfsmittel zu benutzen  |b n  |2 rdamedia 
338 |a Band  |b nc  |2 rdacarrier 
505 8 |a Enth.: Abendruhe, sei willkommen. Ade, ade, du goldene Zeit. Auferstehen, ja auferstehn wirst du. Christ ist erstanden. Dein König kommt, o Zion. Der Herr fährt auf gen Himmel. Der Frühling naht mit Brausen. Die Abendglocken klingen. Ehre sei dem Vater. Ehre sei Gott in der Höhe. Es ist ein Ros' entsprungen. Es steht eine mächtige Linde. Feldeinwärts flog ein Vögelein. Freu dich, Erd und Sternenzelt. Frühmeßglocken singen drüben. Geist von oben, lenke du. Gelobt sei Gott im höchsten Thron. Hab oft im Kreise der Lieben. Heil'ge Nacht, o gieße du. Heilig, heilig, heilig ist unser Gott. Herbei, o ihr Gläub'gen. Herr, bleibe bei uns. Ich hebe meine Augen auf. Ich steh an deiner Krippe hier. Im schönsten Wiesengrunde. Leise, leise, fromme Weise. Machet die Tore weit. Mit dem Herrn fang alles an. Nun bricht aus allen Zweigen. Nun freut euch, Gotteskinder all. Nun lasst uns Gott, dem Herren. O drückten Jesu Todesmienen. O Frühling, wie bist du so schön. O heiliger Geist, o Heiliger Gott. O Lamm Gottes, unschuldig. O sanfter, süßer Hauch. O Täler weit, o Höhen. O sel'ge Nacht. O wie bricht aus den Zweigen. Schon die Abendglocken klangen. Siehe, das ist Gottes Lamm. So nimm denn meine Hände. So sei gegrüßt viel tausendmal. So viel der Mai auch Blümlein beut. Still ruht der See. Über allen Gipfeln ist Ruh. Verklungen ist des Tages Treiben. Wandrer zieh auf fernen Wegen. Wie ist doch die Erde so schön. Wohlauf in Gottes schöne Welt 
583 1 |a Archivierung prüfen  |c 20200919  |f DE-640  |z 1  |2 pdager 
601 |a Fünfzig 
601 |a Frauenchor 
935 |c muno 
951 |a BO 
ORI |a SA-MARC-ixtheo_oa001.raw